Una verdad extraña (Record no. 181879)
[ view plain ]
| 000 -LEADER | |
|---|---|
| campo de control de longitud fija | 01164nam a2200253 i 4500 |
| 001 - NÚMERO DE CONTROL | |
| campo de control | 181879 |
| 003 - IDENTIFICADOR DE NÚMERO DE CONTROL | |
| campo de control | ES-MaACL |
| 005 - FECHA Y HORA DE LA ÚLTIMA TRANSACCIÓN | |
| campo de control | 20250829034409.0 |
| 008 - DATOS DE LONGITUD FIJA--INFORMACIÓN GENERAL | |
| campo de control de longitud fija | 130503s2008 sp | |||| ||spa d |
| 020 ## - NÚMERO INTERNACIONAL ESTÁNDAR DEL LIBRO | |
| Número Internacional Estándar del Libro | 978-84-95345-49-3 |
| 080 ## - NÚMERO DE LA CLASIFICACIÓN DECIMAL UNIVERSAL | |
| Número de la Clasificación Decimal Universal | 821.134.2-14"19" |
| 100 0# - ENTRADA PRINCIPAL--NOMBRE DE PERSONA | |
| Nombre de persona | Ruiz Amezcua, Manuel, |
| Fechas asociadas al nombre | 1952- |
| 9 (RLIN) | 100652 |
| 245 14 - MENCIÓN DEL TÍTULO | |
| Título | Una verdad extraña |
| Resto del título | : (poesía 1974-2005) / |
| Mención de responsabilidad, etc. | Manuel Ruiz Amezcua ; prólogo de Antonio Muñoz Molina ; epílogo de José Francisco Ruiz Casanova. |
| 250 ## - MENCION DE EDICION | |
| Mención de edición | 3ª ed. corr. y aum. |
| 260 ## - PUBLICACIÓN, DISTRIBUCIÓN, ETC. | |
| Lugar de publicación, distribución, etc. | Barcelona : |
| Nombre del editor, distribuidor, etc. | Octaedro, |
| Fecha de publicación, distribución, etc. | 2008. |
| 300 ## - DESCRIPCIÓN FÍSICA | |
| Extensión | 575 p. ; |
| Dimensiones | 22 cm. |
| 505 8# - NOTA DE CONTENIDO CON FORMATO | |
| Nota de contenido con formato | Contiene: Humana raíz -- Dialética de las sombras -- Oscuro cauce oculto -- Cavernas del sentido -- Más allá del muro -- El espanto y la mirada -- Las voces imposibles -- Atravesando el fuego -- Donde la huida -- Contra vosotros |
| 700 1# - ENTRADA AGREGADA--NOMBRE PERSONAL | |
| Nombre de persona | Muñoz Molina, Antonio, |
| Fechas asociadas al nombre | 1956- |
| 9 (RLIN) | 84461 |
| 700 1# - ENTRADA AGREGADA--NOMBRE PERSONAL | |
| Nombre de persona | Casanova, Julián. |
| 9 (RLIN) | 36101 |
| 852 ## - LOCALIZACIÓN | |
| Ubicación | ES-MaACL |
| Número de control de estantería | A-12691 |
| itemnumber | 188787 |
| Sublocalización o colección | R.147114 |
| Ubicación en estantería | Depósito 1 |
| Signatura antigua | Olim: N-5692 |
| Encuadernación | Donación: Real Academia Española |
| 914 ## - NOMBRE ENTIDAD DE DONANTE | |
| RLIN | 6336 |
| Nombre de congreso/reunión o jurisdicción como elemento de entrada | Real Academia Española |
| Unidad subordinada | Donante |
| 942 ## - ELEMENTOS DE ENTRADA SECUNDARIOS (KOHA) | |
| Fuente del sistema de clasificación o colocación | Clasificación decimal universal |
| Tipo de ítem Koha | Libro impreso |
| Estatus retirado | Estado de pérdida | Fuente del sistema de clasificación o colocación | Estado de daño | No para préstamo | Biblioteca de origen | Biblioteca actual | Ubicación en estantería | Fecha de adquisición | Fuente de adquisición | Total de préstamos | Signatura topográfica completa | Código de barras | Visto por última vez | Precio de reemplazo | Tipo de ítem Koha |
|---|---|---|---|---|---|---|---|---|---|---|---|---|---|---|---|
| Clasificación decimal universal | Biblioteca del Ateneo de Madrid | Biblioteca del Ateneo de Madrid | Depósito 1 | 03/05/2013 | Donación | A-12691 | 1191137 | 23/02/2023 | 23/02/2023 | Libro impreso |
